000
00310nam a2200109Ia 4500
008
200302s9999 xx 000 0 und d
100
_a
Victor olgyay
245
_a
Design with climate bloclimatic approach to architectural regionalism
260
_b
Princeton Architectural Press
260
_c
2015
300
_a
190
999
_c
5966
_d
5966